• 首页
  • 本馆介绍
  • 公告通知
  • 最新文献
  • 馆藏检索
  • 电子资源
  • 读者导购
  • 参考咨询
  • 我的图书馆
  • 登录
  • 详细信息显示
  • 放入我的书架
  • 预约/预借图书
  • 作者相关作品
  • 分类相关作品
  • 丛书相关作品
  • 出版社相关作品

书目信息

  • 表格格式
  • 工作单格式
  • 卡片格式
题名:
中国历代才女
    
 
作者: 李菁菁 编著
分册:  
出版信息: 长春   吉林出版集团有限责任公司  2014
页数: 159页
开本: 24cm
丛书名:
单 册:
中图分类: K828.5=2
科图分类:
主题词: 女性--名人--生平事迹--中国--古代--通俗读物
电子资源:
ISBN: 978-7-5534-5668-3
000 00781nam0 2200229 45
001 012001011149
005 20131017114033.0
010    @a978-7-5534-5668-3@dCNY27.80
100    @a20150920d2014 cemy0chiy50 ea
101 0  @achi
102    @aCN@b220000
105    @aa z 000yc
106    @ar
200 1  @a中国历代才女@Azhong guo li dai cai nv@f李菁菁编著
210    @a长春@c吉林出版集团有限责任公司@d2014@h2015印
215    @a159页@c图,照片@d24cm
330    @a本书勾画出中国封建社会历朝历代的才女群像,描写了她们富有传奇色彩的一生、惊世的才华以及被后人广为所传诵的名句佳篇。
606 0  @a女性@x名人@x生平事迹@y中国@z古代@j通俗读物
690    @aK828.5=2@v5
701  0 @a李菁菁@Ali jing jing@4编著
801  0 @aCN@b上海新华@c20191020
905    @b1182743-6@dK828.5=2@e112@f4
    
    中国历代才女/李菁菁编著.-长春:吉林出版集团有限责任公司,2014(2015印)
    159页:图,照片;24cm
    
    
    ISBN 978-7-5534-5668-3:CNY27.80
    本书勾画出中国封建社会历朝历代的才女群像,描写了她们富有传奇色彩的一生、惊世的才华以及被后人广为所传诵的名句佳篇。
●
相关链接 在E读中查询图书 在五车中查询图书 在当当中查询图书 在豆瓣中查询图书


正题名:中国历代才女     索取号:K828.5=2/112         预约/预借

序号 登录号 条形码 馆藏地/架位号 状态 备注
1 1182743   211827433   第二样本阅览室/ [索取号:K828.5=2/112] 在馆    
2 1182744   211827442   第二借阅区/ [索取号:K828.5=2/112] 在馆    
3 1182745   211827451   第二借阅区/ [索取号:K828.5=2/112] 在馆    
4 1182746   211827460   第二借阅区/ [索取号:K828.5=2/112] 在馆    
唐山师范学院图书馆 欢迎您!
大连网信软件有限公司© 版权所有